How to improve your corporate identity /

Bibliographic Details
Main Author: Carter, David E.
Format: Book
Language:English
Published: New York : Art Direction Book Co., [1985]
Subjects:

MARC

Tag First Indicator Second Indicator Subfields
LEADER 00000cam a2200000 a 4500
001 in00000007989
005 20151002070111.0
008 860903s1985 nyua b 00010 eng d
010 |a  85872865  
020 |a 0881080268 
035 |a (OCoLC)14173533 
035 |9 AAA0334AM 
040 |a LSL  |c LSL  |d LDL  |d TXA  |d UtOrBLW 
050 4 |a HD59.2  |b .C378 1985x 
050 4 |a HD59.2  |b .C37 1985 
100 1 |a Carter, David E. 
245 1 0 |a How to improve your corporate identity /  |c by David E. Carter. 
264 1 |a New York :  |b Art Direction Book Co.,  |c [1985] 
264 4 |c ©1985 
300 |a 130 pages :  |b illustrations ;  |c 24 cm. 
336 |a text  |b txt  |2 rdacontent 
337 |a unmediated  |b n  |2 rdamedia 
338 |a volume  |b nc  |2 rdacarrier 
504 |a Bibliography: pages 128-130. 
650 0 |a Signs and symbols. 
650 0 |a Corporate image. 
650 0 |a Trademarks. 
999 |a MARS 
999 f f |s 7c83a40a-c682-387a-a46e-9ce832dc5021  |i a2258599-654f-35e6-affe-993929820960  |t 0 
952 f f |p ric  |a Texas A&M University  |b Rellis Campus  |c Joint Library Facility  |d Remote Storage  |t 0  |e HD59.2 .C37 1985  |h Library of Congress classification  |i unmediated -- volume  |m A14810998668 
998 f f |a HD59.2 .C37 1985  |t 0  |l Remote Storage